Hệ thống các chỉ tiêu kinh tế tổng hợp GDP, GNP, NI, NDI

Sách cung cấp một hệ thống các chỉ tiêu kinh tế tổng hợp (GDP, GNP, NI, NDI...) hiện đang sử dụng rộng rãi trong các nước thành viên Liên Hợp Quốc với nội dung kinh tế, mục đích thể hiện và phương pháp xác định các chỉ tiêu kinh tế tổng h...

ver descrição completa

Na minha lista:
Detalhes bibliográficos
Autor principal: Phạm Đình Hàn
Formato: Livro
Idioma:Undetermined
Publicado em: Hà Nội Thống kê 1996
Assuntos:
Tags: Adicionar Tag
Sem tags, seja o primeiro a adicionar uma tag!
Thư viện lưu trữ: Trung tâm Học liệu Trường Đại học Cần Thơ
LEADER 00916nam a2200193Ia 4500
001 CTU_19514
008 210402s9999 xx 000 0 und d
082 |a 657 
082 |b H105 
100 |a Phạm Đình Hàn 
245 0 |a Hệ thống các chỉ tiêu kinh tế tổng hợp 
245 0 |b GDP, GNP, NI, NDI 
245 0 |c Phạm Đình Hàn 
260 |a Hà Nội 
260 |b Thống kê 
260 |c 1996 
520 |a Sách cung cấp một hệ thống các chỉ tiêu kinh tế tổng hợp (GDP, GNP, NI, NDI...) hiện đang sử dụng rộng rãi trong các nước thành viên Liên Hợp Quốc với nội dung kinh tế, mục đích thể hiện và phương pháp xác định các chỉ tiêu kinh tế tổng hợp đó 
650 |a accounting 
980 |a Trung tâm Học liệu Trường Đại học Cần Thơ